000 00815nam a2200229Ii 4500
003 JO-AjNU
008 230605s9999||||xx |||||||||||||| ||und||
017 _a2012/4/1473
020 _a978-9957-8670-0-3
040 _aJO-AjNU
_bara
_erda
_cJO-AjNU
041 _aara
050 1 4 _aBP195 2012
100 3 _aالدهيسات، هايل,
_eauthor
_949962
245 0 0 _aدراسة فكرية في الحركة الإسماعيلية
250 _aط1
264 3 1 _aعمان: دار خزائن القلم للنشر والتوزيع، 2012
300 _a219ص
_bالمصادر والمراجع ص 205-219
336 _atext
_btxt
_2rdacontent
337 _aunmediated
_bn
_2rdamedia
338 _avolume
_bnc
_2rdacarrier
650 4 _aالاسماعيلية- فرقة اسلامية- اليمن- تاريخ
_949963
999 _aA21978
_c25546
_d25546